| 000 | 00888nam a22002057a 4500 | ||
|---|---|---|---|
| 999 |
_c16460 _d16460 |
||
| 003 | AR-CdUCM | ||
| 008 | 190225b ||||| |||| 00| 0 spa d | ||
| 040 |
_aMUNICIPALIDAD PROVINCIAL DEL CUSCO _cBIBLIOTECA MUNICIPAL DEL CUSCO |
||
| 082 |
_a372 / _bSA26 |
||
| 100 |
_aSarrat Saumell, Alberta P. L.. _935913 |
||
| 245 | _aLa enseñanza de la lengua en la escuela primaria / | ||
| 260 |
_bEudeba., _c1967. _aBuenos Aires : |
||
| 300 |
_a46 paginas ; _c25 cm. |
||
| 440 |
_aLa escuela en el tiempo, cuadernos de la primaria. _n24 _935914 |
||
| 505 | _aContenido :La enseñanza de la lengua en la escuela primaria argentina -- Didáctica del lenguaje en la escuela primaria renovada -- El elemento poético en la enseñanza de la lengua -- La composición escolar ... | ||
| 650 |
_aEducación primaria. _91561 |
||
| 650 |
_aSiglo XX. _98 |
||
| 942 |
_2ddc _cLIBROS |
||
| 945 |
_arum _d2019-05-03 |
||